501 reading comprehensión questions.

This book is best used to build your critical reading and thinking skills, but you might want to support it with some other LearningExpress Skill Builders Practice books.When it comes to perfecting your reading comprehension,donÕt ignore any of the other language skills.You will find Writing Skills...

Full description

Bibliographic Details
Format: Libro
Language:English
Published: New York Learning Express 2010
Edition:4th ed.
Subjects:
Online Access:

MARC

LEADER 00000cam a2200000 a 4500
001 015961
003 UAHC_CL
005 20170803121319.0
008 111202s2010 xxu 000 eng
020 |a 9781576857472 
040 |a UAHC_CL  |c UAHC_CL  |d UAHC_CL 
082 0 4 |a 372.47  |b R287  |2 22 
245 1 0 |a 501 reading comprehensión questions. 
250 |a 4th ed. 
260 |b Learning Express  |a New York  |c 2010 
300 |a xii, 241 p. 
520 |a This book is best used to build your critical reading and thinking skills, but you might want to support it with some other LearningExpress Skill Builders Practice books.When it comes to perfecting your reading comprehension,donÕt ignore any of the other language skills.You will find Writing Skills Success in 20 Minutes a Day, Vocabulary and Spelling Success in 20 Minutes a Day, 501 Logic and Reasoning Problems, and 1001 Vocabulary and Spelling Questions to be indispensable guides. In any case, the more you use the language and understand the building blocks, the easier and faster you will breeze through those reading comprehension passages that you find on most tests. 
521 |a Inglés I 
650 4 |a COMPRENSION DE LECTURA  |x PROBLEMAS, EJERCICIOS, ETC 
653 |a PERIODISMO 
658 |a Macis, Marijana 
900 |a 372.47 REA 
942 |c BK 
952 |0 0  |1 0  |4 0  |6 372_470000000000000_REA  |7 0  |8 General  |9 31812  |a BC  |b BC  |c General  |d 2017-08-03  |o 372.47 REA  |p 1390035  |r 2026-01-13 00:00:00  |t 1  |w 2017-08-03  |y BK 
952 |0 0  |1 0  |4 0  |6 372_470000000000000_REA  |7 0  |8 General  |9 31813  |a BC  |b BC  |c General  |d 2017-08-03  |o 372.47 REA  |p 1402023  |r 2026-01-13 00:00:00  |t 2  |w 2017-08-03  |y BK 
999 |c 15961  |d 15961